000
00241nam a2200097Ia 4500
008
200302s9999 xx 000 0 und d
100
_a
Author
245
_a
Architecture Catalane 2004-2009 Portrait Depoque
260
_b
Publisher
260
_c
2009
999
_c
2772
_d
2772